| 000 | 00802nam a22002411a 4500 | ||
|---|---|---|---|
| 001 | 4225397 | ||
| 005 | 20110718125127.0 | ||
| 008 | 820428s1982 ilu 000 0 eng | ||
| 010 |
_a82060253 _a82060253 |
||
| 020 | _a0882073087 | ||
| 035 | _9(DLC) 82060253 | ||
| 040 |
_aDLC _cDLC _dDLC |
||
| 050 | 0 | 0 |
_aBV4501.2 _b.S36 1982 |
| 082 | 0 | 0 |
_aBV 4501.2.S36 1982 _219 |
| 100 | 1 | _aSeamands David A. | |
| 245 | 1 | 0 |
_aPutting away childish things / _cDavid A. Seamands. |
| 260 |
_aWheaton, Ill. : _bVictor Books, _cc1982. |
||
| 300 | _a144 p. ; 21 cm. | ||
| 650 | 0 |
_aChristian life _xMethodist authors. |
|
| 650 | 0 |
_aMaturation (Psychology) _xReligious aspects _xChristianity. |
|
| 906 |
_a7 _bcbc _corignew _d3 _eopcn _f19 _gy-gencatlg |
||
| 991 |
_bc-GenColl _hBV4501.2 _i.S36 1982 _p00022599148 _tCopy 1 _wBOOKS |
||
| 999 |
_c24314 _d24314 |
||